Az őskortól a Rómaiak történetéig.
Uložené v:
| Médium: | Kniha |
|---|---|
| Jazyk: | Hungarian |
| Vydané: |
Budapest :
A magyar kereskedelmi közlöny hirlap és könyvkiadó-vállalat,
1908.
|
| Edícia: | Tolnai Világtörténelme Az ókor története
|
| ISBN: |
(viaz.) |
| Fyzický popis: |
358 s. ; 24 cm. |
| Tagy: |
Pridať tag
Žiadne tagy, Buďte prvý kto otaguje tento záznam!
|
Titul je dostupný aj v ... 

MARC
| LEADER | 00000nam a22000000i 4500 | ||
|---|---|---|---|
| 001 | 000398317 | ||
| 005 | 20120829104126.0 | ||
| 008 | 090725s1908 hu hun d | ||
| 020 | |a (viaz.) | ||
| 040 | |a SVKKK |b slo |c SVKKK |e AACR2 | ||
| 041 | 0 | |a hun | |
| 044 | |a hu |c HU | ||
| 245 | 0 | 3 | |a Az őskortól a Rómaiak történetéig. |
| 260 | |a Budapest : |b A magyar kereskedelmi közlöny hirlap és könyvkiadó-vállalat, |c 1908. | ||
| 300 | |a 358 s. ; |c 24 cm. | ||
| 490 | 1 | |a Tolnai Világtörténelme. Az ókor története | |
| 830 | 0 | |a Tolnai Világtörténelme |p Az ókor története | |
| 910 | |a svkkk | ||
| 998 | |a BK | ||
| 090 | |g SCKHL |k Sklad Pribinova 3. posch. |a V.155447 |j 719906 |i 2720972091 |s Prezenčne | ||